000 00569nam a2200217Ia 4500
003 OSt
005 20221007081132.0
006 a|||||r|||| 00| 0
007 ta
008 221006b |||||||| |||| 00| 0 eng d
024 _a10,609
037 _cTextual
040 _aFLL
_cFLL
_beng
041 _2eng
_aeng
082 _aL:5oZ1, L5
245 0 _aSelected documents on international environmental law
260 _aNew York
_bOceana publications New
_c1975
300 _a197p
_ccm.
942 _hL:5oZ1, L5
_cTEXL
_2CC
999 _c1162154
_d1162154